00541nam a2200181Ia 450000500170000000800410001702000150005808200220007324500380009526000340013330000120016765000130017965000240019270000240021694200060024095200980024699900150034420250120005431.0240331s9999 xx 000 0 und d a9558309133 bSEN25500a305.23 4aCSEC:bThe Crime Against Children bThe P.E.A.C.E. Campaignc2006 a249 p., aChildren aSexual Exploitation aSeneviratne, Meedt cL 001040708LaWERCLbWERCLcSSCd2024-03-31l0o 305.23 CSEp5500r2024-03-31w2024-03-31yL c1532d1532